Scottish cup winners - Statistics

General Stats
  • This quiz has been taken 13 times
  • The average score is 17 of 24
Answer Stats
Hint Answer % Correct
7x Aberdeen
100%
41x Celtic
100%
8x Heart of Midlothian
100%
3x Hibernian
100%
34x Rangers
100%
1x Dundee
91%
2x Dundee United
91%
2x St Johnstone
91%
1x Inverness Caledonian Thistle
82%
3x Kilmarnock
82%
1x Partick Thistle
82%
3x St mirren
82%
2x Falkirk
73%
2x Motherwell
73%
1x Airdrieonians
64%
1x Dumbarton
64%
10x Queens Park
64%
1x East Fife
55%
3x Clyde
45%
2x Dunfermline Athletic
45%
1x Greenock Morton
36%
2x Third Lanark
27%
2x Renton
9%
3x Vale of Leven
9%
No matching quizzes found
Score Distribution
Percent of People with Each Score
Percentile by Number Answered
Your Score History
You have not taken this quiz